Europe 2020: competitive or complacent?
Gespeichert in:
| 1. Verfasser: | |
|---|---|
| Format: | Buch |
| Sprache: | Englisch |
| Veröffentlicht: |
Washington
Center for Transatlantic Relations
2011
|
| Schlagworte: | |
| Tags: |
Keine Tags, Fügen Sie das erste Tag hinzu!
|
MARC
| LEADER | 00000nam a2200000 4500 | ||
|---|---|---|---|
| 001 | 0134898 | ||
| 005 | 20240306140246.1 | ||
| 020 | |a 978-0-9841341-6-8 | ||
| 020 | |a 0-9841341-6-6 | ||
| 041 | 0 | |a eng | |
| 044 | |a US | ||
| 245 | 1 | 0 | |a Europe 2020: competitive or complacent? |c Daniel S. Hamilton |
| 264 | 1 | |a Washington |b Center for Transatlantic Relations |c 2011 | |
| 300 | |a 295 s. | ||
| 610 | 2 | 0 | |a integrácia ekonomická medzinárodná |
| 610 | 2 | 0 | |a spolupráca medzinárodná |
| 610 | 2 | 0 | |a politika medzinárodná |
| 610 | 2 | 0 | |a tovar |
| 610 | 2 | 0 | |a služby |
| 610 | 2 | 0 | |a peniaze |
| 610 | 2 | 0 | |a energia |
| 610 | 2 | 0 | |a obyvateľstvo |
| 610 | 2 | 0 | |a partneri obchodní |
| 610 | 2 | 0 | |a konkurencia |
| 610 | 2 | 0 | |a regióny |
| 610 | 2 | 0 | |a svet |
| 610 | 2 | 0 | |a Európa |
| 610 | 2 | 0 | |a Európska únia |
| 100 | 1 | |a Hamilton, Daniel S. | |